| 000 | 00944nas a2200325 4500 | ||
|---|---|---|---|
| 001 | BR2010004288 | ||
| 003 | BR-BrBNA | ||
| 005 | 20231205114714.0 | ||
| 007 | ta | ||
| 008 | 230509b bl.|||p| |||| 00| 00por d | ||
| 040 |
_aBR-BrBNA _bpor _cBiblioteca Nacional de Agricultura |
||
| 041 | _a(Pt) | ||
| 072 | _aJ11 | ||
| 100 | 1 | _aEdagi, F.K. | |
| 100 | 1 | _aJomori, M.L.L. | |
| 100 | 1 | _aKluge, R.a. | |
| 100 | 1 | _aLima, G.P.P. | |
| 100 | 1 | _aAzevedo, R.A. | |
| 100 | 1 | _aSestari, I. | |
| 245 | 1 | _aInibição da ação do etileno rertarda o desenvolvimento de injúrias de frio em tangor Murcott | |
| 650 | _aTANGOR MURCOTT | ||
| 650 | _aFRUTA CÍTRICA | ||
| 650 | _aETILENO | ||
| 650 | _aTEMPERATURA | ||
| 650 | _aQUALIDADE | ||
| 650 | _aARMAZENAMENTO | ||
| 773 | 0 |
_tCiência Rural (Brazil) _xISSN 0103-8478 _g(Jul 2010), v. 40(7) p. 1530-1536 _wBR2010004288 |
|
| 909 |
_a202311 _bLúcia _c55 _dLúcia Elande |
||
| 942 |
_2AGRIS _n0 _cANA |
||
| 999 |
_c210062 _d210062 |
||